000 00342nam a2200157Ia 4500
100 _aSeverance/Frank L
650 _aSimulation
942 _cBK
366 _f25
654 _amodeling
245 _aSystem modeling and Simulation
260 _bWiley India
_c2005
082 _a3.3
_bSEV
300 _a506
546 _aENGLISH
_cPAMPHALETS
999 _c32533
_d32533